The U.S. plastics and synthetic materials industry since 1958

Uloženo v:
Podrobná bibliografie
Médium: Kniha
Jazyk:Undetermined
Vydáno: Washington 1958
Témata:
Tagy: Přidat tag
Žádné tagy, Buďte první, kdo otaguje tento záznam!
Thư viện lưu trữ: Trung tâm Học liệu Trường Đại học Cần Thơ
LEADER 00530nam a2200157Ia 4500
001 CTU_97830
008 210402s9999 xx 000 0 und d
082 |a 338.4 
082 |b U58 
245 4 |a The U.S. plastics and synthetic materials industry since 1958 
260 |a Washington 
260 |c 1958 
650 |a Plastics industry and trade,Market surveys,Synthetic gums and resins industry 
650 |z United states,United states,United states 
904 |i Tuyến 
980 |a Trung tâm Học liệu Trường Đại học Cần Thơ